Every Wrestler to Compete on a TNA Wrestling PPV (2010-2019) - Statistics

General Stats
  • This quiz has been taken 169 times
    161 since last reset
  • The average score is 89 of 235
Answer Stats
First PPV Match Wrestler % Correct
Genesis 2010 AJ Styles
96%
Genesis 2010 Bobby Roode
93%
Destination X 2011 Low Ki
93%
Genesis 2010 Abyss
91%
Slammiversary X (2012) Joseph Park
91%
Genesis 2010 Kurt Angle
91%
Genesis 2010 Christopher Daniels
89%
Lockdown 2010 Sting
89%
Against All Odds 2010 Brother Ray
88%
Against All Odds 2010 Samoa Joe
88%
Genesis 2010 James Storm
86%
Lockdown 2010 Jeff Hardy
86%
Genesis 2011 Matt Hardy
86%
Lockdown 2014 Willow
86%
Destination X 2010 Chris Sabin
84%
Destination X 2010 Eric Young
82%
Bound for Glory 2017 King Mo
82%
Lockdown 2010 Rob Van Dam
82%
Against All Odds 2010 Brother Devon
81%
Bound for Glory 2011 Hulk Hogan
81%
Lockdown 2010 Jeff Jarrett
81%
Sacrifice 2011 Karen Jarrett
81%
Redemption 2018 Kiera Hogan
81%
Genesis 2010 Kevin Nash
79%
Slammiversary XII (2014) Lashley
79%
Genesis 2010 Mr. Anderson
79%
Destination X 2010 Alex Shelley
77%
Hardcore Justice 2010 CW Anderson
77%
Destination X 2010 Kazarian
77%
Lockdown 2010 Angelina Love
75%
Genesis 2010 Magnus
74%
Lockdown 2011 Ric Flair
74%
Hardcore Justice 2010 Sabu
74%
Destination X 2010 Scott Hall
74%
Lockdown 2010 Velvet Sky
74%
Turning Point 2011 Gail Kim
72%
Bound for Glory 2017 Dezmond Xavier
70%
Destination X 2011 Austin Aries
68%
Lockdown 2014 Davey Richards
68%
Lockdown 2012 Eric Bischoff
68%
Bound for Glory 2013 Ethan Carter III
68%
Against All Odds 2012 Garett Bischoff
68%
Hardcore Justice 2010 Stevie Richards
68%
Hardcore Justice 2010 Tommy Dreamer
68%
Redemption 2018 Brian Cage
67%
Lockdown 2010 Madison Rayne
67%
Against All Odds 2010 Mick Foley
67%
Genesis 2010 ODB
67%
Slammiversary 2015 Awesome Kong
65%
Genesis 2010 Hernandez
65%
Bound for Glory 2016 Moose
65%
Hardcore Justice 2010 Rhino
65%
Slammiversary 2015 Drew Galloway
63%
Slammiversary XV (2017) DeAngelo Williams
61%
Genesis 2010 Douglas Williams
61%
Lockdown 2014 Eddie Edwards
61%
Lockdown 2010 Homicide
61%
Slammiversary VIII (2010) Jay Lethal
61%
Bound for Glory 2017 Petey Williams
61%
Hardcore Justice 2010 Raven
61%
Against All Odds 2011 Scott Steiner
61%
Slammiversary XV (2017) Alisha Edwards
60%
Genesis 2010 Matt Morgan
60%
Turning Point 2010 Mickie James
60%
Redemption 2018 Sami Callihan
58%
Genesis 2010 Tara
58%
Slammiversary XVI (2018) Tessa Blanchard
58%
Bound for Glory 2017 Johnny Impact
56%
Bound for Glory 2015 Eli Drake
54%
Bound for Glory 2013 Manik
54%
Destination X 2010 Rob Terry
54%
Sacrifice 2011 Chris Harris
53%
Genesis 2010 Desmond Wolfe
53%
Turning Point 2010 Robbie E
53%
Genesis 2010 Sean Waltman
53%
Lockdown 2011 Suicide
53%
Genesis 2010 Amazing Red
51%
Slammiversary XII (2014) Crazzy Steve
51%
Lockdown 2014 MVP
51%
Destination X 2011 Zema Ion
51%
Genesis 2010 D'Angelo Dinero
49%
Redemption 2018 Fenix
49%
Rebellion 2019 Josh Alexander
49%
Destination X 2012 Kenny King
49%
Bound for Glory 2018 King
49%
Sacrifice 2014 Rockstar Spud
49%
Homecoming 2019 Jordynne Grace
47%
Bound for Glory 2012 Knux
47%
Final Resolution 2012 Wes Brisco
47%
Against All Odds 2011 Gunner
46%
Destination X 2010 Jeremy Buck
46%
Destination X 2010 Max Buck
46%
United We Stand 2019 Pat Buck
46%
Redemption 2018 Pentagon Jr.
46%
Genesis 2010 Brian Kendrick
44%
Hardcore Justice 2012 Chavo Guerrero
44%
Slammiversary XV (2017) Ortiz
44%
Bound for Glory 2018 Rich Swann
42%
Slammiversary XV (2017) Rosemary
42%
Slammiversary XV (2017) Santana
42%
Bound for Glory 2015 Trevor Lee
42%
Lockdown 2011 Crimson
40%
Bound for Glory 2017 Dave Crist
40%
Bound for Glory 2017 Jake Crist
40%
Turning Point 2012 Jesse Godderz
40%
Destination X 2012 Sonjay Dutt
40%
Bound for Glory 2018 Ethan Page
39%
Bound for Glory 2016 Maria Kanellis-Bennett
39%
Slammiversary XV (2017) Alberto El Patron
37%
Destination X 2010 Shannon Moore
37%
Bound for Glory 2015 Brian Myers
35%
Bound for Glory 2012 DOC
35%
Hardcore Justice 2010 Kid Kash
35%
Sacrifice 2010 Orlando Jordan
35%
Victory Road 2011 Rosita
35%
Victory Road 2011 Sarita
35%
Redemption 2018 Taya Valkyrie
35%
Hardcore Justice 2011 Brooke Tessmacher
33%
Slammiversary XII (2014) Marshall Von Erich
33%
Slammiversary XII (2014) Ross Von Erich
33%
Bound for Glory 2018 Willie Mack
33%
Hardcore Justice 2010 Al Snow
32%
Bound for Glory 2014 Havok
32%
Destination X 2011 Jerry Lynn
32%
Lockdown 2014 Sanada
32%
Lockdown 2014 The Great Muta
32%
Hardcore Justice 2010 Brother Runt
30%
Sacrifice 2011 Chyna
30%
Sacrifice 2010 Jesse Neal
30%
Hardcore Justice 2010 Johnny Swinger
30%
Slammiversary 2016 Mike Bennett
30%
Slammiversary XI (2013) Taryn Terrell
30%
Slammiversary XVII (2019) TJP
30%
Victory Road 2011 Winter
30%
Sacrifice 2011 Anarquia
28%
Slammiversary 2015 Jade
28%
Genesis 2010 Sean Morley
28%
Bound for Glory 2014 Tajiri
28%
United We Stand 2019 Ace Austin
26%
Destination X 2011 Shark Boy
26%
Slammiversary 2016 Sienna
26%
Bound for Glory 2017 Allie
25%
Hardcore Justice 2010 Kahoneys
25%
Bound for Glory 2017 Matt Sydal
25%
Against All Odds 2011 Murphy
25%
Homecoming 2019 Trey Miguel
25%
Against All Odds 2010 Brian Knobbs
23%
Destination X 2010 Daffney
23%
Hardcore Justice 2010 Guido Maritato
23%
Against All Odds 2010 Jerry Sags
23%
Hardcore Justice 2010 Simon Diamond
23%
Hardcore Justice 2010 Tony Luke
23%
Rebellion 2019 Zachary Wentz
23%
Hardcore Justice 2010 Axl Rotten
21%
Slammiversary 2015 Bram
21%
Slammiversary 2016 Grado
21%
Bound for Glory 2012 Joey Ryan
21%
Bound for Glory 2018 Konnan
21%
Redemption 2018 Su Yung
21%
Hardcore Justice 2010 PJ Polaco
19%
Lockdown 2014 Tigre Uno
19%
Slammiversary 2015 Tyrus
19%
Destination X 2011 Jack Evans
18%
Slammiversary XV (2017) Laredo Kid
18%
Slammiversary 2015 Marti Belle
18%
Bound for Glory 2014 Ryota Hama
18%
Slammiversary XV (2017) Taiji Ishimori
18%
Rebellion 2019 Cousin Jake
16%
Bound for Glory 2018 Killer Kross
16%
Bound for Glory 2015 Mahabali Shera
16%
Slammiversary XVII (2019) Michael Elgin
16%
Hardcore Justice 2010 2 Cold Scorpio
14%
Bound for Glory 2015 Andrew Everett
14%
Bound for Glory 2019 Cody Deaner
14%
Slammiversary XV (2017) Drago
14%
No Surrender 2011 Jesse Sorensen
14%
Bound for Glory 2019 Madman Fulton
14%
Destination X 2012 Mason Andrews
14%
Slammiversary VIII (2010) Roxxi
14%
Hardcore Justice 2010 Tracy Smothers
14%
Slammiversary XV (2017) Garza Jr.
12%
Rebellion 2019 Rohit Raju
12%
Slammiversary XV (2017) Chris Adonis
11%
Slammiversary XV (2017) Jeremy Borash
11%
Bound for Glory 2019 Raj Singh
11%
Destination X 2012 Rubix
11%
Slammiversary XI (2013) Samuel Shaw
11%
Rebellion 2019 Scarlett Bordeaux
11%
Bound for Glory 2016 Aron Rex
9%
Bound for Glory 2019 Fallah Bahh
9%
Bound for Glory 2019 Ken Shamrock
9%
Bound for Glory 2017 Stephan Bonnar
9%
Bound for Glory 2019 Tenille Dashwood
9%
Slammiversary XV (2017) El Hijo del Fantasma
7%
Slammiversary XV (2017) Josh Mathews
7%
Turning Point 2011 Toxxin
7%
Bound for Glory 2019 Acey Romero
5%
Redemption 2018 Aerostar
5%
Destination X 2012 Dakota Darsow
5%
United We Stand 2019 Flamita
5%
Bound for Glory 2014 Kaz Hayashi
5%
Bound for Glory 2014 Minoru Tanaka
5%
Slammiversary XV (2017) Naomichi Marufuji
5%
Destination X 2012 Rashad Cameron
5%
Bound for Glory 2019 Swoggle
5%
Bound for Glory 2015 Aiden O'Shea
4%
Slammiversary 2016 Braxton Sutter
4%
Genesis 2013 Christian York
4%
Slammiversary XI (2013) Jay Bradley
4%
Bound for Glory 2019 Kylie Rae
4%
Destination X 2011 Mark Haskins
4%
United We Stand 2019 Marty The Moth
4%
United We Stand 2019 Ricky Martinez
4%
Bound for Glory 2017 Tyson Dux
4%
Lockdown 2014 Yasu
4%
Bound for Glory 2019 Adam Thornstowe
2%
Rebellion 2019 Aiden Prince
2%
Slammiversary 2016 Baron Dax
2%
Slammiversary 2016 Basile Baraka
2%
Bound for Glory 2015 Chris Melendez
2%
United We Stand 2019 Daga
2%
United We Stand 2019 Dante Fox
2%
Destination X 2012 Flip Cassanova
2%
Bound for Glory 2018 James Ellsworth
2%
United We Stand 2019 Jimmy Havoc
2%
Bound for Glory 2014 Kazma Sakamoto
2%
Destination X 2012 Lars Only
2%
Bound for Glory 2019 Luster the Legend
2%
Bound for Glory 2014 Andy Wu
0%
Bound for Glory 2014 El Hijo del Pantera
0%
Bound for Glory 2014 Jiro Kuroshio
0%
United We Stand 2019 Katie Forbes
0%
Bound for Glory 2017 Pagano
0%
Bound for Glory 2017 Texano
0%
Bound for Glory 2014 Yusuke Kodama
0%
No matching quizzes found
Score Distribution
Percent of People with Each Score
Percentile by Number Answered
Your Score History
You have not taken this quiz since the last reset